Quizzes
Events
Quiz Creation
Community
Videos
Private Events
Remove Ads
Sign In
Join for FREE
Feedback
Dark Mode
Quiz Categories
Sports
Geography
Music
Movies
Television
Just For Fun
Miscellaneous
History
Literature
Language
Science
Gaming
Entertainment
Religion
Holiday
For Kids
Quiz Lab
Recent
Popular Today
Quiz Kudos Today
Editor Picks
Curator Picks
Quizzes by...
Day
Popularity
Type
Ratings
Length
Year
Community
Subscriptions
Recent Discussions
Orange Saloon
Badges
Playlists
Quests
Create
Leaderboards
Showdown
Live 5
Trivia Bingo
Activity
Puzzle Library
Sporcle Events
Private Events
Virtual Trivia
Globe League
Become a Host
Pub Owners
SporcleCon
Opinionation
Our Games
Videos
Blog
Mobile Apps
Partnerships
Remove Ads and Go Orange
Feedback
Sports
Athletes
MLB
NBA
NHL
NFL
Soccer
Sports Teams
WWE
NCAA
Football
Premier League
Basketball
Baseball
Hockey
Golf
Tennis
Cricket
Rugby
Auto Racing
Olympics
World Cup
Sports
Athletes
MLB
NBA
NHL
NFL
Soccer
Sports Teams
WWE
NCAA
Football
Premier League
Basketball
Baseball
Hockey
Golf
Tennis
Cricket
Rugby
Auto Racing
Olympics
World Cup
Random Quiz
Search Sporcle
×
Quiz Lab
Quiz Lab
Sports
Football
Type in answers that appear in a list
Type in answers that appear in a list
Classic
Best Score? Go Orange.
NY - Suffolk County high school football programs Stats
Can you name the NY - Suffolk County high school football programs in Div 1, 2, & 3?
By
NJDevils015
8m
40 Questions
77 Plays
77 Plays
77 Plays
Comments
Comments
Give Quiz Kudos
Give Quiz Kudos
-
- Ratings
hide this ad
More Info
Random Order
Randomize order of answers
Randomize order of answers
Replay
Link that replays current quiz
Next Quiz
Link to next quiz in quiz playlist
You Got
0%
They Got
Avg Score
71%
Avg Friend Score
Upgrade to see
Score Distribution
Jump to the score distribution portion of the page
Score
0/40
Timer
08:00
0
Plays Today
Division
School
% Correct
Division 1
Sachem North
81.8%
Division 1
Sachem East
81.8%
Division 1
West Islip
81.8%
Division 2
East Islip
81.8%
Division 1
Brentwood
80.5%
Division 1
Central Islip
79.2%
Division 3
Huntington
79.2%
Division 1
Commack
77.9%
Division 1
Bay Shore
77.9%
Division 2
Riverhead
77.9%
Division 1
Northport
76.6%
Division 3
Sayville
76.6%
Division 1
William Floyd
75.3%
Division 1
Patchogue-Medford
75.3%
Division 1
Ward Melville
75.3%
Division 2
Half Hollow Hills East
75.3%
Division 2
Half Hollow Hills West
75.3%
Division 3
Westhampton
75.3%
Division 2
North Babylon
72.7%
Division 2
Smithtown East
72.7%
Division
School
% Correct
Division 2
Smithtown West
72.7%
Division 3
Bellport
71.4%
Division 1
Connetquot
70.1%
Division 2
Deer Park
70.1%
Division 1
Lindenhurst
68.8%
Division 1
Longwood
68.8%
Division 2
Centereach
67.5%
Division 3
Islip
67.5%
Division 2
West Babylon
66.2%
Division 3
Kings Park
66.2%
Division 2
Hauppauge
64.9%
Division 3
Miller Place
63.6%
Division 3
Rocky Point
63.6%
Division 3
East Hampton
62.3%
Division 2
Newfield
61%
Division 3
Comsewogue
61%
Division 3
Harborfields
59.7%
Division 3
Eastport South Manor
59.7%
Division 2
Walt Whitman
55.8%
Division 2
Copiague
51.9%
Quiz Playlist
Details
Report
Send in Message
Add To Playlist
More Info:
Divisions 1, 2, & 3 only. Division alignment as of the 2011 season. Schools are listed randomly.
Classic:
Type in answers that appear in a list
Random Order:
Randomize order of answers
Quiz Source
Last Updated: Feb 16, 2017
Quiz Scoreboard
CHALLENGE
Sign Up to Join the Scoreboard
Show All
Scores
Hide
Comments
May contain spoilers
Recently Published
TV Characters by Other Roles V
by ghcgh
Television
5m
Decade Duel: World Leaders
by jenniferyan
History
4m
Alphabetical 'K' Countries by Flag Minefield
by ylime102
Geography
3m
More to Explore
Quiz From the Vault
Featured Blog Post
15 Basketball Trivia Facts You Can Be March Mad About
hide this ad
You Might Also Like...
Tags
Football Quiz
23
counties
Division
Division I
program
school
suffolk
Today's Top Quizzes in Sports
Browse Sports
hide this ad
Today's Top Quizzes in Football
Browse Football
Top Contributed Quizzes in Sports
1
Les joueurs à 100 buts en Ligue 1 Uber Eats
2
2022 World Cup Stars
3
Pick 6: NFL Teams
4
MLB 2 truths and a lie: Hall of Fame pitchers
5
Pick 6: Minor League Baseball
6
Millionaire: NBA Finals Edition
7
Pick 6: Olympics
8
Click the 1998 NBA Draft
9
Criteria MLB: Left Handed Sluggers
10
NBA Logic Puzzle 2.0
Explore More
Trending Topics
Marvel
NBA
Anime
Crossword
Harry Potter
Disney
Kpop
Puzzle
Soccer
The Office
Country
Song
WWE
Pokémon
NFL
hide this ad
More By:
NJDevils015
Quiz
Plays
Rating
Category
Featured
Created
College Football Head Coaches
768
2.50
Sports
Sep 23, 2009
NCAA Basketball Sweet 16
618
3.50
Sports
Sep 23, 2009
Big East PPG Leaders By Team 2000-2012
464
5.00
Sports
Apr 9, 2010
Seinfeld - Name That Episode
445
5.00
Television
Nov 6, 2009
Seinfeld - Name That Episode 2
137
5.00
Television
Apr 11, 2010
Go to Creator's Profile
Score Distribution
Quiz Creator Spotlight
NJDevils015
Follow
Send a Message
Quizzes Created
-
Created Quiz Play Count
-
More By This Creator
Popular Quizzes Today
1
Countries of Asia Without Outlines Minefield
2
Find the US States - No Outlines Minefield
3
Pick 6: Fruits
4
The Countries of the World
5
Alphabetical 'K' Countries by Flag Minefield
6
Find the Countries of Europe - No Outlines Minefield
7
US States
8
Find the US States
More Sports Quizzes
2000 NBA All Star Game - West Team
Quiz Lab
Trending Quizzes
Pick 6: Mountains
Pick 6: Harry Potter
Pick 6: Flags
Pick 6: NFL Teams
Pick 6: Movie Franchises
Recently Updated
Adaptations: Name the Title
pecheneg
NWSL Teams
pecheneg
Women's Final Four Teams by Year
bhenderson79
Presidents Quartet II
eogle
Anything But Clue(do)
eogle
Anything But Oceanian Capitals
eogle
Anything But 7
eogle
Anything But Thing
eogle
Word Ladder: February 29
pecheneg
Song Title Questions
pecheneg
Trending Topics
Disney
Kpop
Harry Potter
Anime
NBA
Marvel
Crossword
The Office
Pokémon
Soccer
NFL
Puzzle
WWE
Country
Song
Your Account Isn't Verified!
In order to create a playlist on Sporcle, you need to verify the email address you used during registration. Go to your
Sporcle Settings
to finish the process.
Report this User
Report this user for behavior that violates our
Community Guidelines
.
Details:
Send Report
Go to the Sporcle.com Mobile Site →
Comments